ARRUPE JESUIT UNIVERSITY

CORONAVIRUS -STOP THE SPREAD - CLEAN,DISINFECT,COVER

From the heart of the veld, (Record no. 120235)

MARC details
000 -LEADER
fixed length control field 01482cam a22002891 4500
001 - CONTROL NUMBER
control field 9647860
003 - CONTROL NUMBER IDENTIFIER
control field ARRUPE
005 - DATE AND TIME OF LATEST TRANSACTION
control field 20140320141641.0
008 - FIXED-LENGTH DATA ELEMENTS--GENERAL INFORMATION
fixed length control field 800313s1916 enk 000 0 eng
010 ## - LIBRARY OF CONGRESS CONTROL NUMBER
LC control number 16023523
035 ## - SYSTEM CONTROL NUMBER
System control number (OCoLC)6078326
040 ## - CATALOGING SOURCE
Original cataloging agency DLC
Transcribing agency InTI
Modifying agency InTI
-- DLC
042 ## - AUTHENTICATION CODE
Authentication code premarc
043 ## - GEOGRAPHIC AREA CODE
Geographic area code f-sa---
045 ## - TIME PERIOD OF CONTENT
Time period code x1x1
050 00 - LIBRARY OF CONGRESS CALL NUMBER
Classification number DT761
Item number .A55
300 ## - PHYSICAL DESCRIPTION
Dimensions 20 cm.
100 1# - MAIN ENTRY--PERSONAL NAME
Personal name Alston, Madeline.
9 (RLIN) 9200
245 10 - TITLE STATEMENT
Title From the heart of the veld,
Statement of responsibility, etc by Madeline Alston.
260 ## - PUBLICATION, DISTRIBUTION, ETC. (IMPRINT)
Place of publication, distribution, etc London,
-- New York,
Name of publisher, distributor, etc John Lane,
Date of publication, distribution, etc 1916.
300 ## - PHYSICAL DESCRIPTION
Extent xii, 253 p.
500 ## - GENERAL NOTE
General note "Child-life on the veld," "A holiday trek," and "A Rhodesian Christmas" are reprinted from the National review, the African monthly, and the Empire review, respectively.
505 0# - FORMATTED CONTENTS NOTE
Formatted contents note Book I. At home on the veld: The loneliness of the veld. The freedom of the veld. Child-life on the veld. Work and play on the veld. The amenities of the veld. Housekeeping on the veld. Gardening on the veld. Books on the veld. Poetry on the veld.--Book II. Wanderings here and there: A holiday trek. A Rhodesian Christmas. Through the Matoppos on a side car. The drought in Matabeleland. An unappreciated suburb of Cape Town. South African towns. On going home. Port Alfred. On coming home in war-time.
651 #0 - SUBJECT ADDED ENTRY--GEOGRAPHIC NAME
Geographic name South Africa
General subdivision Social life and customs.
9 (RLIN) 9201
651 #0 - SUBJECT ADDED ENTRY--GEOGRAPHIC NAME
Geographic name South Africa
General subdivision Description and travel.
9 (RLIN) 9202
906 ## - LOCAL DATA ELEMENT F, LDF (RLIN)
a 7
b cbc
c oclcrpl
d u
e ncip
f 19
g y-gencatlg
942 ## - ADDED ENTRY ELEMENTS (KOHA)
Source of classification or shelving scheme Library of Congress Classification
Koha item type Monograph ( Printed materials)
Holdings
Withdrawn status Lost status Source of classification or shelving scheme Damaged status Not for loan Collection code Home library Current library Shelving location Date acquired Total Checkouts Full call number Barcode Date last seen Price effective from Koha item type
    Library of Congress Classification     SPECIAL Collection ARRUPE LIBRARY ARRUPE LIBRARY Main Collection 20/03/2014   SPC DT761 .A55 46500001948 05/07/2018 20/03/2014 REFERENCE

 

Arrupe Library. PO Box MP320 Mt Pleasant, Harare, Zimbabwe
263 242 745411|librarian@aju.ac.zw